000 00639nam a2200181Ia 4500
008 090124s9999 xx 000 0 und d
082 _b130479
100 _aकुलकर्णी जी.ए.(गुरुनाथ आबाजी )
245 _a निळा सांवळा
250 _a0
260 _c1999
300 _a131
600 _aकुलकर्णी जी.ए.(गुरुनाथ आबाजी )
630 _a निळा सांवळा
700 _aकुलकर्णी जी.ए.(गुरुनाथ आबाजी )
730 _a निळा सांवळा
942 _cBOOK
999 _c176568
_d176568